Sustainable building design : learning from nineteenth century innovations (Record no. 85835)

MARC details
000 -LEADER
fixed length control field 00781 a2200241 4500
003 - CONTROL NUMBER IDENTIFIER
control field CBULib
005 - DATE AND TIME OF LATEST TRANSACTION
control field 20241210073406.0
008 - FIXED-LENGTH DATA ELEMENTS--GENERAL INFORMATION
fixed length control field 241210b |||||||| |||| 00| 0 eng d
020 ## - INTERNATIONAL STANDARD BOOK NUMBER
International Standard Book Number 9780415840736
040 ## - CATALOGING SOURCE
Language of cataloging English
Transcribing agency CBULib
Description conventions rda
041 ## - LANGUAGE CODE
Language code of text/sound track or separate title eng
050 ## - LIBRARY OF CONGRESS CALL NUMBER
Classification number NA 2542.36 Ler
100 ## - MAIN ENTRY--PERSONAL NAME
Personal name Lerum, Vidar
245 ## - TITLE STATEMENT
Title Sustainable building design : learning from nineteenth century innovations
Statement of responsibility, etc / by Vidar Lerum
260 ## - PUBLICATION, DISTRIBUTION, ETC. (IMPRINT)
Name of publisher, distributor, etc Routledge,
Date of publication, distribution, etc 2016
Place of publication, distribution, etc Oxon :
300 ## - PHYSICAL DESCRIPTION
Extent xv, 252 pages : illustrations
336 ## - CONTENT TYPE
Source rdacontent
Content type term Text |
Content type code txt
337 ## - MEDIA TYPE
Source rdamedia
Media type term Unmediated |
Media type code n
338 ## - CARRIER TYPE
Source rdacarrier
Carrier type term Volume
Carrier type code vz
650 #0 - SUBJECT ADDED ENTRY--TOPICAL TERM
9 (RLIN) 1073
Topical term or geographic name as entry element SUSTAINABLE ARCHITECTURE
650 #0 - SUBJECT ADDED ENTRY--TOPICAL TERM
9 (RLIN) 4121
Topical term or geographic name as entry element BUILDINGS - TECHNOLOGICAL INNOVATIONS - HISTORY - 19TH CENTURY
942 ## - ADDED ENTRY ELEMENTS (KOHA)
Source of classification or shelving scheme
Koha item type MONOGRAPH
Holdings
Withdrawn status Lost status Source of classification or shelving scheme Damaged status Not for loan Collection code Permanent Location Current Location Shelving location Date acquired Source of acquisition Cost, normal purchase price Total Checkouts Full call number Barcode Date last seen Copy number Price effective from Koha item type
          CBU-Lusaka Campus CBU- LUSAKA CAMPUS CBU-MAIN LIBRARY, KITWE. General Stacks 12/10/2024 DON-BOOKAID 68.00   NA 2542.36 Ler 753243 12/10/2024 1 12/10/2024 MONOGRAPH
          CBU-Lusaka Campus CBU- LUSAKA CAMPUS CBU-MAIN LIBRARY, KITWE. General Stacks 12/10/2024 DON-BOOKAID 68.00   NA 2542.36 Ler 753242 12/10/2024 2 12/10/2024 MONOGRAPH